000 00459pab a2200169 454500
008 180718b1996 xxu||||| |||| 00| 0 eng d
100 _aReddy, K.V. Raghunath
245 _aPopulation control programme in West Bengal
260 _c1996
300 _ap.7-8
362 _aJan-Feb
650 _aWest Bengal - Population
650 _aBirth control - India - West Bengal
650 _aFamily planning
773 _aHealth for the Millions
909 _a31154
999 _c31154
_d31154